000 00704cam a22002171 4500
001 BD-DhSAU 5352
003 BD-DhSAU
005 20150415122449.0
008 720201s1964 nyu b 000 0 eng
040 _aBD-DhSAU
082 _a304.1412
_222
_bDYN
100 1 _aHambidge, Gove,
_eed.
245 1 0 _aDynamics of development :
_ban international development reader /
_cForeword by Teodore Moscoso. Introd. by Paul G. Hoffman.
260 _aNew York :
_bPraeger ,
_cc1964.
300 _axxi,370 p.:
_c21 cm.
440 0 _aPraeger university series,
_vU-552
590 _aIMRAN
650 0 _aEconomic development.
650 0 _aEconomic assistance, American.
650 0 _aTechnical assistance, American.
942 _2ddc
_cBOOK
999 _c5352
_d5352